000 01174nam a22003257a 4500
003 CHAP
005 20220329140318.0
008 971013s1986 r 00010 d
010 _a50201
011 _a51173
035 _a55323
040 _cCHAP
082 _a636.3
_bP5
100 0 0 _aPijoan Aguadé, Pau.
_988062
245 _aPrincipales enfermedades de los ovinos y caprinos
260 _aMéxico, D.F. :
_bUNAM. Fac. de Estudios Superiores Cuautitlán,
_c1986
300 _a405 p.
_b: ilus. ; láms.
590 _aBATCH-UPD
_b10
_c20130110
_lUCH01
_h0610
590 _aBATCH-UPD
_b10
_c20130410
_lUCH01
_h0252
590 _aBATCH-UPD
_b10
_c20130914
_lUCH01
_h1506
590 _aCONVERSION
_b10
_c20130109
_lUCH01
_h1327
650 1 4 _aGanado caballar
_xEnfermedades.
_944973
650 1 4 _aGanado lanar
_xEnfermedades.
_945173
700 0 _aTórtora Pérez, Jorge L.
_9113894
901 _aBK
942 _cLIBRO
949 _a636.3 P5
_bBC
_cLIBRO
_d-121456
_eLIBRO
_fc.3
_gI.147622
_h76644
_i55323
_si
949 _a636.3 P5
_bBC
_cLIBRO
_d33724000789731
_eLIBRO
_fc.2
_gI.135518
_h71428
_i55323
_si
949 _a636.3 P5
_bBC
_cLIBRO
_d33724000919130
_eLIBRO
_gI.135513
_h70157
_i55323
_si
999 _c50201
_d50201